• 首页
  • 本馆介绍
  • 公告通知
  • 最新文献
  • 馆藏检索
  • 电子资源
  • 读者导购
  • 参考咨询
  • 我的图书馆
  • 登录
  • 详细信息显示
  • 放入我的书架
  • 预约/预借图书
  • 作者相关作品
  • 分类相关作品
  • 丛书相关作品
  • 出版社相关作品

书目信息

  • 表格格式
  • 工作单格式
  • 卡片格式
题名:
大洋环流
    
 
作者: 黄瑞新 著 ;乐肯堂 , 史久新 译
分册:  
出版信息: 北京   高等教育出版社  2012.10
页数: 619页
开本: 27cm
丛书名: 全球变化与地球系统科学系列
单 册:
中图分类: P731.27
科图分类:
主题词: 大洋环流--研究 , 大洋环流
电子资源:
ISBN: 978-7-04-034656-5
000 01494oam2 2200313 450
001 012012290201
005 20130608085922.93
010    @a978-7-04-034656-5@b精装@dCNY139.00
100    @a20121114d2012 em y0chiy50 ea
101 1  @achi@ceng
102    @aCN@b110000
105    @aafk z 001yy
106    @ar
200 1  @a大洋环流@9da yang huan liu@e风生与热盐过程@dOcean circulation@ewind-driven and thermohaline processes@f黄瑞新著@g乐肯堂,史久新译@zeng
210    @a北京@c高等教育出版社@d2012.10
215    @a619页@c图@d27cm
225 2  @a全球变化与地球系统科学系列
330    @a大洋环流是地球上一种能量和物质输运的基本过程。近年来,大洋环流与气候变化之间的相互作用已经成为地球科学中最活跃的研究前沿领域之一。大洋环流及其所遵循的地球物理流体动力学原理是在地球科学、海洋科学和大气科学等科学中属于研究生阶段的基础课程。大洋环流可由多种因子所驱动和调节,其中包括它与大气(风)的相互作用、潮汐耗散以及海洋要素(温度、盐度和随之而产生的密度)的区域差异。目前已经有多部关于风生大洋环流的著作问世,但鲜有(如果有的话)涉及热盐环流及其能量学的书籍。
461  0 @12001 @a全球变化与地球系统科学系列
510 1  @aOcean circulation@ewind-driven and thermohaline processes@zeng
517 1  @a风生与热盐过程@9feng sheng yu re yan guo cheng
606 0  @a大洋环流@x研究
606 0  @a大洋环流
690    @aP731.27@v5
701  0 @a黄瑞新@9huang rui xin@4著
702  0 @a乐肯堂@9le ken tang@4译
702  0 @a史久新@9shi jiu xin@4译
801  0 @aCN@b人天书店@c20121210
905    @dP731.27@e53
    
    大洋环流:风生与热盐过程=Ocean circulation:wind-driven and thermohaline processes/黄瑞新著/乐肯堂,史久新译.-北京:高等教育出版社,2012.10
    619页:图;27cm.-(全球变化与地球系统科学系列)
    
    
    ISBN 978-7-04-034656-5(精装):CNY139.00
    大洋环流是地球上一种能量和物质输运的基本过程。近年来,大洋环流与气候变化之间的相互作用已经成为地球科学中最活跃的研究前沿领域之一。大洋环流及其所遵循的地球物理流体动力学原理是在地球科学、海洋科学和大气科学等科学中属于研究生阶段的基础课程。大洋环流可由多种因子所驱动和调节,其中包括它与大气(风)的相互作用、潮汐耗散以及海洋要素(温度、盐度和随之而产生的密度)的区域差异。目前已经有多部关于风生大洋环流的著作问世,但鲜有(如果有的话)涉及热盐环流及其能量学的书籍。
●
相关链接 在E读中查询图书 在五车中查询图书 在当当中查询图书 在豆瓣中查询图书


正题名:大洋环流     索取号:P731.27/53         预约/预借

序号 登录号 条形码 馆藏地/架位号 状态 备注
1 0543843   205438436   第二样本阅览室/ [索取号:P731.27/53] 在馆    
2 0543844   205438445   第三借阅区/ [索取号:P731.27/53] 在馆    
3 0543845   205438454   密集书库-资源管理系/ [索取号:P731.27/53] 在馆    
唐山师范学院图书馆 欢迎您!
大连网信软件有限公司© 版权所有